| 000 | 00779nam a22002057a 4500 | ||
|---|---|---|---|
| 999 |
_c12505 _d12505 |
||
| 003 | AR-CdUCM | ||
| 008 | 190409b ||||| |||| 00| 0 spa d | ||
| 040 |
_aMUNICIPALIDAD PROVINCIAL DEL CUSCO _cBIBLIOTECA MUNICIPAL DEL CUSCO |
||
| 082 |
_aC / 576.5 / _bP13 |
||
| 100 |
_aPacheco Garmendia, Hugo _929841 |
||
| 245 | _aDos tendencias opuestas en el campo de la genética actual / | ||
| 260 |
_aCusco : _bGarcilaso, _c1961. |
||
| 300 |
_a54 páginas ; _c21 cm. |
||
| 505 | _aContenido: La genética en sus orígenes y desarrollo -- El Morganismo -- El Lisenkismo -- Los cromosomas y su papel en la herencia -- Las leyes de Mendel ... | ||
| 650 |
_aGenética _95063 |
||
| 650 |
_aHerencia _99110 |
||
| 650 |
_aCiencia _92098 |
||
| 942 |
_2ddc _cLIBROS |
||
| 945 |
_aachl _d2019-04-09 |
||